000 00982nam a2200301 i 4500
003 EG-GICUC
005 20260411143731.0
008 260411s1976 nyuoe||| |||| 001 0 eng d
040 _a EG-GICUC
_c EG-GICUC
_d EG-GICUC
_erda
_beng
041 0 _aeng
082 0 4 _221
_a343.3
_bP O . A
092 0 4 _221
099 _aLaw1 10 343.3 P O . A 1976
100 1 _aW. POULOS, JOHN
_eAuthor.
245 1 4 _aThe Anatomy Of Criminal Justice /
_cBy John W. Poulos.
264 1 _aNew york :
_bThe Foundation Press,
_c1976.
300 _a1288 Pages, unnumbered pages, various pagings :
_btables, photographs, illustrations (some color) ;
_c26 Cm.
336 _2rda content
_atext
337 _2rda media
_aComputer
338 _2rda carrier
_aOnline Resource
504 _aIncludes index.
546 _aText in English
650 1 _2Criminal law
651 1 _2qrmak
856 4 0 _uhttps://fll.law.cu.edu.eg/fulltext/bks/B10-09018.pdf
905 _a62
942 _2ddc
_n0
_cBK
_e21
999 _c70101
_d70101